|
|
|
|
| LEADER |
00000nam a2200000 a 4500 |
| 001 |
vtls001123048 |
| 003 |
SK-MaSNL |
| 005 |
20260302031139.0 |
| 008 |
240513s1988 xo 0 slo |
| 015 |
|
|
|a SNBA1988/12
|
| 020 |
|
|
|q (brož.)
|
| 035 |
|
|
|a SNK000065891
|
| 040 |
|
|
|a SNK
|b slo
|c SNK
|e AACR2
|
| 041 |
0 |
|
|a slo
|
| 044 |
|
|
|a xo
|c SK
|
| 080 |
|
|
|a 801(075.8)
|2 1981
|
| 100 |
1 |
|
|a Sabol, Ján,
|d 1939-
|4 aut
|9 209463
|
| 245 |
1 |
0 |
|a Kapitoly zo všeobecnej jazykovedy
|b výberová prednáška
|c Ján Sabol
|
| 250 |
|
|
|a 1. vyd.
|
| 260 |
|
|
|a Košice
|b Univerzita P. J. Šafárika
|c 1988
|e Košice
|f Edičné stredisko UPJŠ
|
| 300 |
|
|
|a 184 s.
|c 29 cm
|
| 490 |
1 |
|
|a Vysokoškolské učebné texty
|
| 504 |
|
|
|a Obsahuje bibliografiu
|
| 650 |
0 |
7 |
|a všeobecná lingvistika
|2 SNKPH
|9 51563
|
| 655 |
|
7 |
|a učebnice vysokých škôl
|2 SNKPH
|9 70191
|
| 830 |
|
0 |
|a Vysokoškolské učebné texty
|9 276539
|
| 852 |
|
|
|a Slovenská národná knižnica
|
| 958 |
|
|
|a NB
|
| 958 |
|
|
|a RM
|
| 958 |
|
|
|a UV
|
| 958 |
|
|
|a OND
|
| 999 |
|
|
|c 1051007
|d 1052937
|
| 952 |
|
|
|a SNK
|b SNK
|y PREZ
|7 0
|p 17A0844599
|o snkSB 44003
|0 0
|1 0
|4 0
|d 2012-07-13
|f 1
|l 0
|r 2025-05-09 00:00:00
|w 2026-02-24
|
| 952 |
|
|
|t P60, <04>, [BOOK], {604}
|a SNK
|b SNK
|y VYP
|7 0
|p 17A0105690
|o snkSB 44003 D1
|0 0
|1 0
|4 0
|d 1997-11-03
|l 0
|r 2004-12-31 00:00:00
|w 2026-02-24
|